Prevención y uso de drogas: la urgencia de pensar nuevos paradigmas /
Uloženo v:
| Hlavní autor: | |
|---|---|
| Médium: | Text |
| Tagy: |
Přidat tag
Žádné tagy, Buďte první, kdo vytvoří štítek k tomuto záznamu!
|
MARC
| LEADER | 00000 a a2200000 04500 | ||
|---|---|---|---|
| 001 | 48760 | ||
| 003 | |||
| 040 | |||
| 100 | |a Vergara B., Eduardo | ||
| 245 | |a Prevención y uso de drogas: |b la urgencia de pensar nuevos paradigmas / |c Eduardo Vergara B. | ||
| 773 | |a número255, (2015), páginas 117-131 | ||
| 999 | |c 40115 |d 40115 | ||
